000 00777cam a22002411 4500
999 _c130149
_d130149
001 279899
003 ARRUPE
005 20200121124549.0
008 730313s1965 nyu b 000 0 eng
010 _a 65018228
040 _aDLC
_cDLC
_dDLC
050 0 0 _aPR3588
_b.B3
082 0 0 _a821.4
100 1 _aBarker, Arthur Edward,
_d1911-
_eed.
_948954
245 1 0 _aMilton; modern essays in criticism.
_cEdited by Arthur E. Barker.
260 _aNew York,
_bOxford University Press,
_c1965.
300 _avii, 483 p.
_c21 cm.
490 0 _aA Galaxy book, GB142
504 _aIncludes bibliographical references.
600 1 0 _aMilton, John,
_d1608-1674
_xCriticism and interpretation.
_948947
906 _a7
_bcbc
_corignew
_du
_eocip
_f19
_gy-gencatlg
942 _2lcc
_cMONOGRAPH